| 000 -LEADER |
| fixed length control field |
00624nam a2200181Ia 4500 |
| 001 - CONTROL NUMBER |
| control field |
17558 |
| 003 - CONTROL NUMBER IDENTIFIER |
| control field |
GE_BSU |
| 008 - FIXED-LENGTH DATA ELEMENTS--GENERAL INFORMATION |
| fixed length control field |
181216s||||||||xx |||||||||||||| ||und|| |
| 040 ## - CATALOGING SOURCE |
| Transcribing agency |
GE_BSU |
| 245 ## - TITLE STATEMENT |
| Title |
შორეულ გზებზე:ქართველ მოგზაურთა ჩანაწერები:წიგნი მეორე |
| 245 ## - TITLE STATEMENT |
| Statement of responsibility, etc. |
რედ.:რ. ორჯონიკიძე;მხატვ.:ზ.კაპანაძე |
| 260 ## - PUBLICATION, DISTRIBUTION, ETC. |
| Place of publication, distribution, etc. |
თბილისი |
| 260 ## - PUBLICATION, DISTRIBUTION, ETC. |
| Name of publisher, distributor, etc. |
ნაკადული |
| 260 ## - PUBLICATION, DISTRIBUTION, ETC. |
| Date of publication, distribution, etc. |
1961 |
| 300 ## - PHYSICAL DESCRIPTION |
| Extent |
312გვ.;22სმ. |
| 300 ## - PHYSICAL DESCRIPTION |
| Accompanying material |
ილ. |
| 942 ## - ADDED ENTRY ELEMENTS (KOHA) |
| Koha item type |
წიგნი |